Enciclopedia de la seguridad informática (Registro nro. 2141)
[ vista simple ]
| 000 -CABECERA | |
|---|---|
| campo de control de longitud fija | 00991aam a2200313 4500 |
| 005 - FECHA Y HORA DE ACTUALIZACIÓN | |
| campo de control | 20220830103312.0 |
| 008 - LONGITUD FIJA | |
| campo de control de longitud fija | 150320b xxu||||| |||| 00| 0 spa d |
| 041 ## - IDIOMA | |
| Código de idioma del texto/pista de sonido o título separado | |
| 082 ## - CLASIFICACIÓN DECIMAL DEWEY | |
| Número de clasificación | 005.8 G633e |
| 100 ## - AUTOR PERSONAL | |
| Nombre de persona | Gómez Vieites, Alvaro |
| 245 ## - TÍTULO PROPIAMENTE DICHO | |
| Título | Enciclopedia de la seguridad informática |
| 260 ## - PIE DE IMPRENTA | |
| Lugar de publicación, distribución, etc. | México |
| Nombre del editor, distribuidor, etc. | Alfaomega |
| Fecha de publicación, distribución, etc. | 2007 |
| 300 ## - DESCRIPCIÓN FÍSICA | |
| Extensión | 696 páginas |
| 505 ## - Nota de Contenido | |
| Nota de contenido | Contiene disco compacto N° 443 |
| 505 ## - Nota de Contenido | |
| Nota de contenido | Disco compacto contiene apéndices del libro. |
| 650 ## - Materia General | |
| Materia general | SEGURIDAD INFORMÁTICA |
| 650 ## - Materia General | |
| Materia general | PROCEDIMIENTOS DE SEGURIDAD |
| 650 ## - Materia General | |
| Materia general | SEGURIDAD DE REDES |
| 650 ## - Materia General | |
| Materia general | VIRUS INFORMÁTICOS |
| 650 ## - Materia General | |
| Materia general | CIBERTERRORISMO |
| 650 ## - Materia General | |
| Materia general | SISTEMAS BIOMETRICOS |
| 650 ## - Materia General | |
| Materia general | CRIPTOGRAFÍA |
| 650 ## - Materia General | |
| Materia general | INTERNET |
| 650 ## - Materia General | |
| Materia general | DELITOS INFORMÁTICOS |
| 650 ## - Materia General | |
| Materia general | PROPIEDAD INTELECTUAL |
| 650 ## - Materia General | |
| Materia general | PIRATERIA DIGITAL |
| 650 ## - Materia General | |
| Materia general | FIRMA ELECTRÓNICA |
| 942 ## - Punto de Acceso Adicional Koha | |
| Tipo de ítem Koha | Libro |
| Estado perdido | Estado dañado | No para préstamo | Biblioteca permanente | Biblioteca actual | Signatura completa | Código de barras | Tipo de ítem |
|---|---|---|---|---|---|---|---|
| Departamento de Biblioteca y Documentación Alfonso Chase Brenes | Departamento de Biblioteca y Documentación Alfonso Chase Brenes | 005.8 G633e | 12883 | Libro | |||
| Departamento de Biblioteca y Documentación Alfonso Chase Brenes | Departamento de Biblioteca y Documentación Alfonso Chase Brenes | 005.8 G633e | 443DC | Disco Compacto |